Semimartingales theory and stochastic calculus

Αποθηκεύτηκε σε:
Λεπτομέρειες βιβλιογραφικής εγγραφής
Κύριος συγγραφέας: He, Sheng-Wu
Άλλοι συγγραφείς: Wang, Chia-kang, Yan, J. (Jia-An)
Μορφή: Βιβλίο
Γλώσσα:English
Δημοσίευση: Beijing, New York : Boca Raton : Science press ;, CRC, c1992
Θέματα:
Ετικέτες: Προσθήκη ετικέτας
Δεν υπάρχουν, Καταχωρήστε ετικέτα πρώτοι!

MARC

LEADER 00000nam a2200000 i 4500
001 1/89512
008 990913s1992 eng d
020 |a 0-8493-7715-3 
035 |l 10052810 
040 |a GR-MY-UA  |b gre  |e aacr 
041 0 |a eng 
082 0 |a 519.287 
100 1 |a He, Sheng-Wu. 
245 1 0 |a Semimartingales theory and stochastic calculus /  |c Sheng-wu He, Jia-gang Wang, Jia-an Yan 
260 |a Beijing, New York :   |a Boca Raton :   |b Science press ;,   |b CRC,   |c c1992 
300 |a xiv, 546 p.;  |c 24 cm. 
500 |a Includes index and bibliography 
650 0 0 |a Semimartingales (Mathematics) 
650 0 0 |a Stochastic analysis. 
700 1 |a Wang, Chia-kang. 
700 1 |a Yan, J.  |q (Jia-An) 
852 |a INST  |b SAMOS  |e 19990913  |h 519.287 HES  |p 005300015033  |q 005300015033  |t BK  |y 0 
901 |a BIBL3-1999-3 
909 |a Σ  |b 066657 
922 |a 3ΕΛΗ  |b 199906  |c ΚΠΣ  |d GLORY 
970 |a ΓΕΝΟΥΖΟΥ  |b ΧΡΥΣΑΝΘΗ  |z 1999/09/13